000 00632nam a2200265Ia 4500
005 20260121170023.0
008 008 260114s9999 xx 000 0 eng d
020 _a9783319440606
037 _aEBOOK
040 _aCRL
040 _beng
040 _cCRL
041 _2eng
041 _aeng
084 _qCRL
100 _aAlper Ta?delen
_91058827
245 4 _aThe Return of Cultural Artefacts
260 _bSpringer
260 _bSpringer
260 _c2016
856 _uhttps://link.springer.com/openurl?genre=book&isbn=978-3-319-44060-6
942 _cEBOOK
999 _c1624556
_d1624556